| 000 | 01453nam a2200325 c 4500 | ||
|---|---|---|---|
| 003 | BLK | ||
| 005 | 20240731005406.0 | ||
| 008 | 180412b bul|||||r ||||||| ||bul|| | ||
| 010 | _aKNG00015450000 | ||
| 040 | _aBLK | ||
| 041 |
_aBUL _cBUL |
||
| 080 |
_aБългарска литература _b821.163.2 _x-8 _z821.163.2-8 |
||
| 080 |
_aБългарска литература _b821.163.2 _x.09 _z821.163.2.09 |
||
| 100 | 1 |
_aСлавейков, Петко Рачов _d1827-1895 _gВиден възрожд. деец, участник в борбата за църк. освобожд., просветител, писател, поет, публицист, фолклорист, политик _9121105 |
|
| 139 |
_aСлавейков, Петко Рачов _bС 42 |
||
| 245 | 1 | 0 |
_aИзбрани творби _cПетко Рачов Славейков; подб. и ред. Тончо Жечев. |
| 250 | _a10. изд. | ||
| 257 | _aBGR | ||
| 260 |
_аСофия _bБълг. писател _c1989 _fВраца : В. Александров |
||
| 300 |
_a296 с. _c20 см |
||
| 380 | _aX | ||
| 490 | 1 | _aБиблиотека за ученика | |
| 700 |
_aЖечев, Тончо _gТонев, Тончо Жечев _eподб. и ред. _9249780 |
||
| 852 | _aЦб 158094 | ||
| 856 | 4 |
_qpdf _u |
|
| 856 | 4 |
_qpdf _u |
|
| 942 |
_cKNG _n0 _038 |
||
| 944 |
_aCR _c15.01.2003 _k _lCRON CRON |
||
| 944 |
_aED _c19.08.2011 _k |
||
| 999 |
_c13769 _d13769 |
||